World coutries and their capitals - Statistiques

Statistiques générales
  • Ce quiz a été pris 11 fois
  • Le résultat moyen est 50 sur 199
Réponses sur la Carte
Les réponses sont colorées sur une échelle allant du rouge au vert en fonction du pourcentage des utilisateurs qui les ont devinées à leur premier essai. Vous pouvez retrouver ces pourcentages ci-dessous.
 
Statistiques - réponses
answer
% Correct
Canada, Ottawa
78%
France, Paris
78%
United States, Washington
78%
Argentina, Buenos Aires
67%
Australia, Canberra
67%
Brazil, Brasilia
67%
Italy, Rome
67%
Mexico, Mexico City
67%
Russia, Moscow
67%
Spain, Madrid
67%
United Kingdom, London
67%
Chile, Santiago
56%
China, Beijing
56%
Denmark, Copenhagen
56%
Germany, Berlin
56%
Greece, Athens
56%
Japan, Tokyo
56%
Peru, Lima
56%
Belize, Belmopan
44%
Colombia, Bogota
44%
Cuba, Havana
44%
Ecuador, Quito
44%
Egypt, Cairo
44%
Guatemala, Guatemala City
44%
Hungary, Budapest
44%
India, New Delhi
44%
Indonesia, Jakarta
44%
Ireland, Dublin
44%
Jamaica, Kingston
44%
Namibia, Windhoek
44%
Norway, Oslo
44%
Poland, Warsaw
44%
Portugal, Lisbon
44%
South Korea, Seoul
44%
Sweden, Stockholm
44%
Switzerland, Bern
44%
Tunisia, Tunis
44%
Algeria, Algiers
33%
Austria, Vienna
33%
Bahamas, Nassau
33%
Barbados, Bridgetown
33%
Belgium, Brussels
33%
Costa Rica, San Jose
33%
Dominican Republic, Santo Domingo
33%
Dominica, Roseau
33%
Finland, Helsinki
33%
Haiti, Port-au-Prince
33%
Honduras, Tegucigalpa
33%
Iceland, Reykjavik
33%
Israel, Jerusalem
33%
Kazakhstan, Astana
33%
Lithuania, Vilnius
33%
Luxembourg, Luxembourg
33%
Madagascar, Antananarivo
33%
Malaysia, Kuala Lumpur
33%
Maldives, Male
33%
Mauritius, Port Louis
33%
Morocco, Rabat
33%
Netherlands, Amsterdam
33%
New Zealand, Wellington
33%
Nicaragua, Managua
33%
Niger, Niamey
33%
North Korea, Pyongyang
33%
Panama, Panama City
33%
Senegal, Dakar
33%
Seychelles, Victoria
33%
Togo, Lome
33%
Trinidad and Tobago, Port of Spain
33%
Venezuela, Caracas
33%
Afghanistan, Kabul
22%
Andorra, Andorra la Vella
22%
Angola, Luanda
22%
Antigua and Barbuda, Saint John's
22%
Armenia, Yerevan
22%
Belarus, Minsk
22%
Benin, Porto-Novo
22%
Bolivia, Sucre
22%
Bulgaria, Sofia
22%
Burundi, Gitega
22%
Cabo Verde, Praia
22%
Cambodia, Phnom Penh
22%
Chad, N'Djamena
22%
Comoros, Moroni
22%
Croatia, Zagreb
22%
Czechia, Prague
22%
Estonia, Tallinn
22%
Gabon, Libreville
22%
Georgia, Tbilisi
22%
Grenada, Saint George's
22%
Guinea-Bissau, Bissau
22%
Jordan, Amman
22%
Kenya, Nairobi
22%
Kosovo, Pristina
22%
Laos, Vientiane
22%
Latvia, Riga
22%
Libya, Tripoli
22%
Mali, Bamako
22%
Malta, Valletta
22%
Mauritania, Nouakchott
22%
Micronesia, Palikir
22%
Moldova, Chisinau
22%
Monaco, Monaco
22%
Oman, Muscat
22%
Paraguay, Asuncion
22%
Romania, Bucharest
22%
Saint Kitts and Nevis, Basseterre
22%
Saint Lucia, Castries
22%
Sierra Leone, Freetown
22%
Slovakia, Bratislava
22%
Slovenia, Ljubljana
22%
Solomon Islands, Honiara
22%
South Africa, Pretoria
22%
Sudan, Khartoum
22%
Suriname, Paramaribo
22%
Taiwan, Taipei
22%
Thailand, Bangkok
22%
Turkey, Ankara
22%
Uruguay, Montevideo
22%
Uzbekistan, Tashkent
22%
Vietnam, Hanoi
22%
Yemen, Sana'a
22%
Albania, Tirana
11%
Azerbaijan, Baku
11%
Bangladesh, Dhaka
11%
Bhutan, Thimphu
11%
Botswana, Gaborone
11%
Burkina Faso, Ouagadougou
11%
Cameroon, Yaounde
11%
Central African Republic, Bangui
11%
Congo, Brazzaville
11%
Côte d'Ivoire, Yamoussoukro
11%
Cyprus, Nicosia
11%
Democratic Republic of the Congo, Kinshasa
11%
Djibouti, Djibouti
11%
El Salvador, San Salvador
11%
Equatorial Guinea, Malabo
11%
Eritrea, Asmara
11%
Eswatini, Mbabane
11%
Ethiopia, Addis Ababa
11%
Fiji, Suva
11%
Gambia, Banjul
11%
Ghana, Accra
11%
Guinea, Conakry
11%
Guyana, Georgetown
11%
Iran, Tehran
11%
Iraq, Baghdad
11%
Kiribati, Tarawa
11%
Kyrgyzstan, Bishkek
11%
Lebanon, Beirut
11%
Lesotho, Maseru
11%
Liberia, Monrovia
11%
Liechtenstein, Vaduz
11%
Malawi, Lilongwe
11%
Mongolia, Ulaanbaatar
11%
Montenegro, Podgorica
11%
Mozambique, Maputo
11%
Myanmar, Naypyidaw
11%
Nepal, Kathmandu
11%
Nigeria, Abuja
11%
North Macedonia, Skopje
11%
Pakistan, Islamabad
11%
Palau, Ngerulmud
11%
Papua New Guinea, Port Moresby
11%
Philippines, Manila
11%
San Marino, San Marino
11%
Sao Tome and Principe, Sao Tome
11%
Saudi Arabia, Riyadh
11%
Singapore, Singapore
11%
Somalia, Mogadishu
11%
South Sudan, Juba
11%
Sri Lanka, Sri Jayawardenepura Kotte
11%
Syria, Damascus
11%
Tajikistan, Dushanbe
11%
Tanzania, Dodoma
11%
Timor-Leste, Dili
11%
Tonga, Nuku'alofa
11%
Turkmenistan, Ashgabat
11%
Uganda, Kampala
11%
Ukraine, Kyiv
11%
Vanuatu, Port Vila
11%
Vatican, Vatican City
11%
Zambia, Lusaka
11%
Zimbabwe, Harare
11%
Bahrain, Manama
0%
Bosnia and Herzegovina, Sarajevo
0%
Brunei, Bandar Seri Begawan
0%
Kuwait, Kuwait City
0%
Marshall Islands, Majuro
0%
Nauru, Yaren
0%
Qatar, Doha
0%
Rwanda, Kigali
0%
Saint Vincent and the Grenadines, Kingstown
0%
Samoa, Apia
0%
Serbia, Belgrade
0%
Tuvalu, Funafuti
0%
United Arab Emirates, Abu Dhabi
0%
Aucun quiz correspondant
Distribution des résultats
% des personnes avec chaque résultat
Percentile par nombre de réponses
Votre historique - résultats
Vous n’avez pas pris ce quiz